[Event "ARM-ch HL (Women) 74th+"]
[Site "Yerevan"]
[Date "2019.01.12"]
[Round "1"]
[White "Gaboyan, Susanna"]
[Black "Kursova, Maria"]
[Result "1/2-1/2"]
[WhiteElo "2111"]
[BlackElo "2279"]
[PlyCount "92"]
[EventDate "2019.01.12"]
[EventType "tourn"]
[EventRounds "9"]
[EventCountry "ARM"]
[SourceTitle "CBM 188 Extra"]
[Source "ChessBase"]
[SourceDate "2019.02.26"]
[SourceVersion "1"]
[SourceVersionDate "2019.02.26"]
[SourceQuality "1"]

1. Nf3 Nf6 2. g3 c5 3. Bg2 Nc6 4. d4 d5 5. 0-0 e6 6. c4 dxc4 7. Qa4 Bd7 8. dxc5 Bxc5 9. Qxc4 Be7 10. Nc3 Rc8 11. e4 Ne5 12. Qe2 Nxf3+ 13. Bxf3 e5 14. Bg5 0-0 15. Rfd1 Qe8 16. Bxf6 Bxf6 17. Rxd7 Qxd7 18. Bg4 Qc6 19. Bxc8 Rxc8 20. Rd1 Be7 21. Rd5 a6 22. Qd3 h6 23. Rd7 Bc5 24. Qd5 Qf6 25. Qd2 b5 26. Nd5 Qc6 27. b4 Kf8 28. Rc7 Rxc7 29. Nxc7 Bxf2+ 30. Kxf2 Qxc7 31. Qd5 Ke7 32. Kg2 g6 33. a3 Qd6 34. Qa8 f5 35. exf5 gxf5 36. Qc8 Qe6 37. Qc7+ Kf8 38. Qh7 Qf6 39. Kh3 e4 40. Qa7 Kg8 41. Qd7 Kf8 42. Qc8+ Kg7 43. g4 fxg4+ 44. Qxg4+ Kf7 45. Qxe4 Qc3+ 46. Kg4 Qxa3 1/2-1/2

[Event "Olympiad Women-43"]
[Site "Batumi"]
[Date "2018.10.01"]
[Round "7.1"]
[White "Yu, Jennifer R"]
[Black "Kursova, Maria"]
[Result "1-0"]
[WhiteElo "2268"]
[BlackElo "2289"]
[PlyCount "93"]
[EventDate "2018.09.24"]
[EventType "team-swiss"]
[EventRounds "11"]
[EventCountry "GEO"]
[SourceTitle "EXT 2020"]
[Source "ChessBase"]
[SourceDate "2019.10.17"]
[SourceVersion "1"]
[SourceVersionDate "2019.10.17"]
[SourceQuality "1"]
[WhiteTeam "United States (W)"]
[BlackTeam "Armenia (W)"]
[WhiteTeamCountry "USA"]
[BlackTeamCountry "ARM"]

1. d4 Nf6 2. c4 e6 3. Nc3 Bb4 4. Qc2 c5 5. dxc5 0-0 6. a3 Bxc5 7. Nf3 b6 8. Bg5 Be7 9. Rd1 Nc6 10. e4 h6 11. Bh4 Nh5 12. Bxe7 Nxe7 13. g3 a6 14. Bg2 Qc7 15. Qd3 Ng6 16. 0-0 Rb8 17. b3 Rd8 18. Qd6 Qa7 19. e5 Bb7 20. Qd4 f5 21. Ne2 Qa8 22. Ne1 d6 23. exd6 e5 24. Bxb7 Qxb7 25. Qd3 e4 26. Qd4 Nf6 27. Ng2 Re8 28. Kh1 Ne5 29. Ng1 Rbd8 30. Ne3 Nf7 31. c5 bxc5 32. Qxc5 Re5 33. Qc3 Rb5 34. b4 Rxd6 35. Rxd6 Nxd6 36. Rd1 Nf7 37. Ne2 Ng4 38. Kg2 Nxe3+ 39. fxe3 Kh7 40. Nf4 Ng5 41. h4 Nf3 42. Ne6 Kg6 43. Rd6 Qe7 44. h5+ Kxh5 45. Nf4+ Kg4 46. Rg6+ Ng5 47. Qc2 1-0

[Event "Olympiad Women-43"]
[Site "Batumi"]
[Date "2018.09.28"]
[Round "5.1"]
[White "Lei, Tingjie"]
[Black "Kursova, Maria"]
[Result "1-0"]
[WhiteElo "2468"]
[BlackElo "2289"]
[PlyCount "115"]
[EventDate "2018.09.24"]
[EventType "team-swiss"]
[EventRounds "11"]
[EventCountry "GEO"]
[SourceTitle "EXT 2020"]
[Source "ChessBase"]
[SourceDate "2019.10.17"]
[SourceVersion "1"]
[SourceVersionDate "2019.10.17"]
[SourceQuality "1"]
[WhiteTeam "China (W)"]
[BlackTeam "Armenia (W)"]
[WhiteTeamCountry "CHN"]
[BlackTeamCountry "ARM"]

1. e4 c5 2. Nf3 Nc6 3. Nc3 e6 4. d4 cxd4 5. Nxd4 Qc7 6. Be3 a6 7. Be2 Nf6 8. 0-0 Be7 9. f4 d6 10. Qe1 0-0 11. Qg3 Nxd4 12. Bxd4 b5 13. a3 Bb7 14. Kh1 Rad8 15. Rae1 Bc6 16. Bd3 Qd7 17. e5 dxe5 18. Bxe5 g6 19. f5 exf5 20. Rxf5 Ne8 21. Rff1 Bd6 22. Ne4 Bxe5 23. Qxe5 Bxe4 24. Rxe4 Ng7 25. Rh4 Qd5 26. Qe3 h5 27. a4 Rfe8 28. Qa7 Nf5 29. Rhf4 Ne3 30. R1f3 Rd7 31. Qxa6 bxa4 32. h3 Qg5 33. g3 Nd5 34. Qb5 Re1+ 35. Kh2 Qd8 36. Rd4 Rd1 37. Rf2 Rd6 38. Qc5 Rf6 39. Rg2 Qe8 40. Re4 Qa8 41. Qb5 Nc7 42. Qxa4 Qf8 43. Qb4 Qh6 44. Rf4 Re6 45. Qb8+ Ne8 46. Re2 g5 47. Rfe4 Qf8 48. Qb5 Ng7 49. Qxg5 Rg6 50. Qf4 Qc5 51. Qf2 Qc6 52. Re1 Rf6 53. Qg2 Rxe1 54. Rxe1 Qa4 55. Qe4 Qxe4 56. Rxe4 Ne6 57. Kg2 Kf8 58. b4 1-0

[Event "EU-ch (Women) 19th"]
[Site "Stary Smokovec"]
[Date "2018.04.19"]
[Round "11"]
[White "Kursova, Maria"]
[Black "Shvayger, Yuliya"]
[Result "1/2-1/2"]
[WhiteElo "2278"]
[BlackElo "2404"]
[PlyCount "78"]
[EventDate "2018.04.08"]
[EventType "swiss"]
[EventRounds "11"]
[EventCountry "SVK"]
[SourceTitle "CBM 184 Extra"]
[Source "ChessBase"]
[SourceDate "2018.06.28"]
[SourceVersion "1"]
[SourceVersionDate "2018.06.28"]
[SourceQuality "1"]

1. d4 Nf6 2. Nf3 e6 3. c4 d5 4. Bg5 c6 5. e3 dxc4 6. Bxc4 Qa5+ 7. Nbd2 Ne4 8. Bf4 g5 9. Bc7 Qxc7 10. Nxe4 h6 11. h4 gxh4 12. Rxh4 Be7 13. Rh5 Nd7 14. Ne5 Nf6 15. Nxf6+ Bxf6 16. Qf3 Bxe5 17. dxe5 Qe7 18. a3 Bd7 19. Qf6 Qxf6 20. exf6 0-0-0 21. Bd3 Rdg8 22. Ke2 Rxg2 23. Rah1 Re8 24. Rxh6 e5 25. Rh8 Rgg8 26. Rxg8 Rxg8 27. Bc4 Rg6 28. Rh8+ Kc7 29. Rf8 Rxf6 30. Rxf7 Rh6 31. Kd3 Kd6 32. f4 exf4 33. Rxf4 b5 34. Bb3 c5 35. Bd1 Ke5 36. Bg4 Bc6 37. Rf5+ Kd6 38. Bf3 Bxf3 39. Rxf3 Rh2 1/2-1/2

[Event "EU-ch (Women) 19th"]
[Site "Stary Smokovec"]
[Date "2018.04.18"]
[Round "10"]
[White "Nechaeva, Marina"]
[Black "Kursova, Maria"]
[Result "1/2-1/2"]
[WhiteElo "2413"]
[BlackElo "2278"]
[PlyCount "91"]
[EventDate "2018.04.08"]
[EventType "swiss"]
[EventRounds "11"]
[EventCountry "SVK"]
[SourceTitle "CBM 184 Extra"]
[Source "ChessBase"]
[SourceDate "2018.06.28"]
[SourceVersion "1"]
[SourceVersionDate "2018.06.28"]
[SourceQuality "1"]

1. d4 Nf6 2. c4 e6 3. Nc3 Bb4 4. Qc2 c5 5. dxc5 0-0 6. a3 Bxc5 7. Nf3 b6 8. Bf4 Bb7 9. Rd1 Nc6 10. e3 Nh5 11. Bg3 h6 12. Qd2 Nxg3 13. hxg3 Qb8 14. Be2 Rd8 15. g4 Be7 16. e4 f6 17. Nh4 g5 18. Nf3 Bf8 19. g3 Kg7 20. 0-0 a6 21. Rfe1 Qc7 22. Bf1 Ne5 23. Nxe5 fxe5 24. b4 Bc6 25. Qe3 Rab8 26. Bd3 Ba8 27. Rc1 Qd6 28. Red1 a5 29. Be2 Qe7 30. Rb1 Bc6 31. Rd3 axb4 32. axb4 b5 33. cxb5 Bxb5 34. Nxb5 Rxb5 35. Rdb3 Rbb8 36. b5 Qc5 37. b6 Qxe3 38. fxe3 Bc5 39. b7 d6 40. Kg2 Kf6 41. Rh1 Rh8 42. Bc4 Ke7 43. Kf3 Rhf8+ 44. Ke2 Rf6 45. Ba6 Kd7 46. Rhb1 1/2-1/2

[Event "EU-ch (Women) 19th"]
[Site "Stary Smokovec"]
[Date "2018.04.14"]
[Round "7"]
[White "Mamedjarova, Zeinab"]
[Black "Kursova, Maria"]
[Result "0-1"]
[WhiteElo "2355"]
[BlackElo "2278"]
[PlyCount "88"]
[EventDate "2018.04.08"]
[EventType "swiss"]
[EventRounds "11"]
[EventCountry "SVK"]
[SourceTitle "CBM 184 Extra"]
[Source "ChessBase"]
[SourceDate "2018.06.28"]
[SourceVersion "1"]
[SourceVersionDate "2018.06.28"]
[SourceQuality "1"]

1. d4 Nf6 2. e3 d5 3. Bd3 c5 4. Nf3 Bg4 5. h3 Bh5 6. b3 Nc6 7. Bb2 cxd4 8. exd4 e6 9. 0-0 Bd6 10. Nbd2 0-0 11. a3 Rc8 12. Qe1 Bg6 13. Ne5 Bxd3 14. Nxd3 Ne7 15. c4 dxc4 16. bxc4 Nf5 17. Rc1 Be7 18. Nf3 Re8 19. Nde5 Nd7 20. Ng4 Bf8 21. Qe2 Qa5 22. Rfd1 Qa6 23. d5 exd5 24. Qd3 Ne7 25. Nh4 Nc5 26. Qg3 Ne4 27. Qf3 Rxc4 28. Rxc4 Qxc4 29. Ne5 Ng5 30. Qh5 Qc2 31. Bc1 g6 32. Qg4 h5 33. Qxg5 Qxd1+ 34. Kh2 Bg7 35. Nd7 Qe1 36. Be3 Qc3 37. Bc5 b6 38. Bd6 Nc8 39. Bg3 Qc6 40. Ne5 Qe6 41. Nd3 Ne7 42. Qc1 Nf5 43. Nxf5 Qxf5 44. Qc6 Rd8 0-1

[Event "EU-ch (Women) 19th"]
[Site "Stary Smokovec"]
[Date "2018.04.12"]
[Round "5"]
[White "Mammadova, Gulnar Marfat Qizi"]
[Black "Kursova, Maria"]
[Result "0-1"]
[WhiteElo "2360"]
[BlackElo "2278"]
[PlyCount "102"]
[EventDate "2018.04.08"]
[EventType "swiss"]
[EventRounds "11"]
[EventCountry "SVK"]
[SourceTitle "CBM 184 Extra"]
[Source "ChessBase"]
[SourceDate "2018.06.28"]
[SourceVersion "1"]
[SourceVersionDate "2018.06.28"]
[SourceQuality "1"]

1. e4 c5 2. Nf3 Nc6 3. Bb5 d6 4. 0-0 Bd7 5. Re1 Nf6 6. h3 a6 7. Bf1 e6 8. c3 Be7 9. d4 cxd4 10. cxd4 d5 11. e5 Ne4 12. Nbd2 Nxd2 13. Bxd2 Qb6 14. Bc3 0-0 15. Bd3 f5 16. exf6 gxf6 17. Qd2 Rf7 18. Qh6 Qd8 19. Re3 Qf8 20. Qh5 Rg7 21. Nd2 Qf7 22. Qe2 Bd6 23. Rf3 Kh8 24. Nf1 Rag8 25. Ne3 Qh5 26. Kh1 Qh4 27. Rd1 f5 28. Qf1 f4 29. Nc2 Rxg2 30. Qxg2 Rxg2 31. Kxg2 Be8 32. Re1 Bh5 33. Be2 Qg5+ 34. Kh2 Bxf3 35. Bxf3 Qf5 36. Re2 h5 37. a3 Kg7 38. Ne1 Nd8 39. Bb4 Bxb4 40. axb4 Nc6 41. Nc2 Qd3 42. Kg2 Kf6 43. Bxh5 Nxd4 44. Nxd4 Qxd4 45. Bg4 e5 46. h4 e4 47. Rc2 f3+ 48. Kg3 Qxb4 49. h5 Qd6+ 50. Kh3 d4 51. h6 Kg5 0-1

[Event "ARM-ch HL (Women) 73rd"]
[Site "Yerevan"]
[Date "2018.01.17"]
[Round "6"]
[White "Kursova, Maria"]
[Black "Ghukasyan, Siranush"]
[Result "1/2-1/2"]
[WhiteElo "2249"]
[BlackElo "2166"]
[PlyCount "142"]
[EventDate "2018.01.12"]
[EventType "tourn"]
[EventRounds "9"]
[EventCountry "ARM"]
[SourceTitle "CBM 182 Extra"]
[Source "ChessBase"]
[SourceDate "2018.02.23"]
[SourceVersion "1"]
[SourceVersionDate "2018.02.23"]
[SourceQuality "1"]

1. d4 d5 2. Nf3 Nf6 3. c4 e6 4. Nc3 c6 5. Bg5 h6 6. Bxf6 Qxf6 7. e3 g6 8. Bd3 Bg7 9. 0-0 0-0 10. Qe2 Nd7 11. Rac1 Qe7 12. Rfd1 f5 13. Qc2 Kh8 14. Ne2 Qf7 15. b4 e5 16. dxe5 Nxe5 17. Nxe5 Bxe5 18. cxd5 cxd5 19. Qd2 Be6 20. Bc2 Rad8 21. Bb3 Qe7 22. Nf4 Bxf4 23. Qd4+ Qf6 24. Qxf4 g5 25. Qd4 Qxd4 26. Rxd4 Kg7 27. Rcd1 Kf6 28. Bxd5 Bxd5 29. Rxd5 Rxd5 30. Rxd5 Ke6 31. Rd2 Rc8 32. f3 Rc4 33. Rb2 Ke5 34. Kf2 h5 35. h3 g4 36. hxg4 hxg4 37. Kg3 gxf3 38. gxf3 b5 39. Rb3 Rc6 40. Rd3 Ra6 41. a3 Rg6+ 42. Kf2 Rc6 43. f4+ Ke6 44. Kf3 Rc4 45. Rd8 Rc3 46. Rb8 Rxa3 47. Rxb5 Rb3 48. Re5+ Kf6 49. b5 a6 50. bxa6 Ra3 51. Ke2 Rxa6 52. Kd3 Rd6+ 53. Kc4 Rd8 54. Rd5 Re8 55. Rd6+ Kf7 56. Kd3 Re4 57. Rd7+ Kf6 58. Rd6+ Kf7 59. Rd4 Re6 60. e4 Rxe4 61. Rxe4 fxe4+ 62. Kxe4 Ke6 63. f5+ Kf6 64. Kf4 Kf7 65. Ke5 Ke7 66. f6+ Kf7 67. Kf5 Kf8 68. Ke5 Kf7 69. Kf5 Kf8 70. Kg6 Kg8 71. f7+ Kf8 1/2-1/2

[Event "Yerevan Asrian Memorial 10th"]
[Site "Yerevan"]
[Date "2017.06.25"]
[Round "5"]
[White "Barseghyan, Armen Ar"]
[Black "Kursova, Maria"]
[Result "1-0"]
[WhiteElo "2071"]
[BlackElo "2343"]
[PlyCount "71"]
[EventDate "2017.06.21"]
[EventType "swiss"]
[EventRounds "9"]
[EventCountry "ARM"]
[SourceTitle "EXT 2018"]
[Source "ChessBase"]
[SourceDate "2017.10.13"]
[SourceVersion "1"]
[SourceVersionDate "2017.10.13"]
[SourceQuality "1"]

1. d4 Nf6 2. Nf3 e6 3. e3 b6 4. Bd3 Bb7 5. 0-0 c5 6. c4 Be7 7. Nc3 cxd4 8. exd4 d5 9. cxd5 Nxd5 10. Ne5 0-0 11. Qh5 Nf6 12. Qh4 Nc6 13. Bg5 g6 14. Ba6 h6 15. Bxh6 Nxe5 16. Bxb7 Nfg4 17. Qh3 Qxd4 18. Bxf8 Rxf8 19. Bf3 Nf6 20. Be2 Bc5 21. Qg3 Nc6 22. Rad1 Qe5 23. Qxe5 Nxe5 24. Na4 Be7 25. f4 Ned7 26. Bf3 Nc5 27. Nxc5 Bxc5+ 28. Kh1 a5 29. Rd3 Kg7 30. Rfd1 Re8 31. g4 e5 32. g5 Nh5 33. Bxh5 gxh5 34. fxe5 Rxe5 35. Rf1 h4 36. Rdf3 1-0

[Event "Yerevan Asrian Memorial 10th"]
[Site "Yerevan"]
[Date "2017.06.22"]
[Round "2"]
[White "Kursova, Maria"]
[Black "Danielian, Elina"]
[Result "1/2-1/2"]
[WhiteElo "2343"]
[BlackElo "2451"]
[PlyCount "43"]
[EventDate "2017.06.21"]
[EventType "swiss"]
[EventRounds "9"]
[EventCountry "ARM"]
[SourceTitle "EXT 2018"]
[Source "ChessBase"]
[SourceDate "2017.10.13"]
[SourceVersion "1"]
[SourceVersionDate "2017.10.13"]
[SourceQuality "1"]

1. d4 Nf6 2. Nf3 e6 3. c4 c5 4. g3 cxd4 5. Nxd4 Qa5+ 6. Nc3 Ne4 7. Qd3 Nxc3 8. Bd2 Bb4 9. Nb3 Ne4 10. Nxa5 Bxd2+ 11. Qxd2 Nxd2 12. Kxd2 Na6 13. Bg2 Rb8 14. Nb3 b6 15. Nd4 Bb7 16. Bxb7 Rxb7 17. Rhd1 Ke7 18. e4 Rc8 19. b3 Nb8 20. Ke3 a6 21. Rd3 Nc6 22. Nxc6+ 1/2-1/2

[Event "EU-ch (Women) 17th"]
[Site "Mamaia"]
[Date "2016.06.06"]
[Round "10"]
[White "Shvayger, Yuliya"]
[Black "Kursova, Maria"]
[Result "1-0"]
[WhiteElo "2415"]
[BlackElo "2319"]
[PlyCount "59"]
[EventDate "2016.05.27"]
[EventType "swiss"]
[EventRounds "11"]
[EventCountry "ROU"]
[SourceTitle "CBM 172 Extra"]
[Source "ChessBase"]
[SourceDate "2016.06.21"]
[SourceVersion "1"]
[SourceVersionDate "2016.06.21"]
[SourceQuality "1"]

1. e4 c5 2. Nf3 e6 3. d4 cxd4 4. Nxd4 a6 5. c4 Nf6 6. Nc3 d6 7. Be2 Be7 8. 0-0 Qc7 9. Be3 b6 10. f4 Bb7 11. Bf3 0-0 12. Rc1 Re8 13. b4 Nbd7 14. Nd5 Qd8 15. Nxe7+ Qxe7 16. e5 Bxf3 17. Nxf3 Ng4 18. exd6 Nxe3 19. dxe7 Nxd1 20. Rfxd1 Rxe7 21. Rd6 Rc8 22. Rcd1 Nf8 23. Rxb6 Rxc4 24. Rb8 f6 25. Rdd8 Rf7 26. Nd4 e5 27. Ne6 Rc1+ 28. Kf2 Rc2+ 29. Kf1 h5 30. f5 1-0

[Event "EU-ch (Women) 17th"]
[Site "Mamaia"]
[Date "2016.06.05"]
[Round "9"]
[White "Kursova, Maria"]
[Black "Peptan, Corina Isabela"]
[Result "1-0"]
[WhiteElo "2319"]
[BlackElo "2402"]
[PlyCount "63"]
[EventDate "2016.05.27"]
[EventType "swiss"]
[EventRounds "11"]
[EventCountry "ROU"]
[SourceTitle "CBM 172 Extra"]
[Source "ChessBase"]
[SourceDate "2016.06.21"]
[SourceVersion "1"]
[SourceVersionDate "2016.06.21"]
[SourceQuality "1"]

1. d4 Nf6 2. Nf3 e6 3. c4 b6 4. a3 Bb7 5. Nc3 Be7 6. d5 0-0 7. e4 exd5 8. cxd5 Re8 9. Bd3 c6 10. 0-0 cxd5 11. exd5 h6 12. Bc4 Qc7 13. Be2 Ba6 14. Re1 Bf8 15. g3 Bxe2 16. Rxe2 Na6 17. Bf4 Qb7 18. Be5 Ng4 19. Qc2 h5 20. Rae1 Nxe5 21. Nxe5 d6 22. Nc6 Nc7 23. Ne7+ Bxe7 24. Rxe7 g6 25. Nb5 Kf8 26. Qxc7 Rxe7 27. Rxe7 Qxd5 28. Nc3 Qb3 29. Qxd6 Kg8 30. Qd5 Qxd5 31. Nxd5 Rd8 32. Ne3 1-0

[Event "EU-ch (Women) 17th"]
[Site "Mamaia"]
[Date "2016.06.04"]
[Round "8"]
[White "Arabidze, Meri"]
[Black "Kursova, Maria"]
[Result "1/2-1/2"]
[WhiteElo "2363"]
[BlackElo "2319"]
[PlyCount "204"]
[EventDate "2016.05.27"]
[EventType "swiss"]
[EventRounds "11"]
[EventCountry "ROU"]
[SourceTitle "CBM 172 Extra"]
[Source "ChessBase"]
[SourceDate "2016.06.21"]
[SourceVersion "1"]
[SourceVersionDate "2016.06.21"]
[SourceQuality "1"]

1. d4 Nf6 2. Bg5 e6 3. e4 h6 4. Bxf6 Qxf6 5. c3 d5 6. Bd3 dxe4 7. Bxe4 Nd7 8. Nf3 c5 9. 0-0 Be7 10. Na3 0-0 11. Nc4 Qf4 12. Bc2 Qc7 13. Qd3 Nf6 14. Nce5 Rd8 15. g4 cxd4 16. cxd4 Bd7 17. Rfc1 Qb6 18. h4 Bb5 19. Qe3 Be8 20. g5 Nd5 21. Qd3 g6 22. gxh6 Bf8 23. h7+ Kxh7 24. h5 Nf4 25. hxg6+ fxg6 26. Qe4 Bh6 27. Kh2 Bc6 28. Nxc6 Qxc6 29. Qxc6 bxc6 30. Be4 Rac8 31. Rxc6 Rxc6 32. Bxc6 Nd3 33. Kg2 Nxb2 34. Rb1 Rc8 35. Rxb2 Rxc6 36. Rb7+ Bg7 37. Rxa7 Kh6 38. Ra4 Bf6 39. Kg3 g5 40. Nd2 Rc3+ 41. Kg4 Kg6 42. Nf3 Rc2 43. Kg3 Rc3 44. Ra5 Bxd4 45. Rxg5+ Kf6 46. Rb5 Bxf2+ 47. Kxf2 Rc2+ 48. Ke3 Rxa2 49. Nd4 Ra1 50. Rb6 Re1+ 51. Kf4 Rf1+ 52. Nf3 Ra1 53. Ke4 Rd1 54. Rb2 Ra1 55. Rf2 Ra4+ 56. Nd4+ Ke7 57. Rh2 Ra1 58. Re2 Rh1 59. Kd3 Kd6 60. Nxe6 Rd1+ 61. Kc2 Ra1 62. Kb2 Rd1 63. Ng5 Rh1 64. Kc3 Rh4 65. Rd2+ Kc6 66. Ne6 Rg4 67. Rd8 Rh4 68. Kd3 Rg4 69. Ke3 Rh4 70. Rg8 Kd6 71. Nf4 Rh1 72. Kd4 Rd1+ 73. Nd3 Rd2 74. Rg6+ Ke7 75. Ke4 Re2+ 76. Kf5 Rh2 77. Nf4 Rh1 78. Nd5+ Kd7 79. Ne3 Rh5+ 80. Ke4 Rh1 81. Ra6 Re1 82. Kd4 Re2 83. Nf5 Rb2 84. Kc5 Rb1 85. Nd4 Ke7 86. Kd5 Rd1 87. Rb6 Kf7 88. Ke5 Re1+ 89. Kf4 Rf1+ 90. Nf3 Ke7 91. Ke4 Rf2 92. Nd4 Rf1 93. Nf5+ Kd7 94. Ke5 Rh1 95. Rd6+ Kc7 96. Rd3 Rh5 97. Ke6 Kc6 98. Rc3+ Kb5 99. Ke5 Kb4 100. Rc8 Kb5 101. Ke4 Kb4 102. Ne3 Rh4+ 1/2-1/2

[Event "EU-chT (Women) 20th"]
[Site "Reykjavik"]
[Date "2015.11.22"]
[Round "9.4"]
[White "Kulovana, Eva"]
[Black "Kursova, Maria"]
[Result "0-1"]
[WhiteElo "2213"]
[BlackElo "2307"]
[PlyCount "142"]
[EventDate "2015.11.13"]
[EventType "team-swiss"]
[EventRounds "9"]
[EventCountry "ISL"]
[SourceTitle "CBM 169 Extra"]
[Source "ChessBase"]
[SourceDate "2015.12.18"]
[SourceVersion "1"]
[SourceVersionDate "2015.12.18"]
[SourceQuality "1"]
[WhiteTeam "Czech Republic (W)"]
[BlackTeam "Armenia (W)"]
[WhiteTeamCountry "CZE"]
[BlackTeamCountry "ARM"]

1. e4 c5 2. Nf3 e6 3. d4 cxd4 4. Nxd4 Nc6 5. Nc3 d6 6. Be2 Nf6 7. Be3 Be7 8. 0-0 0-0 9. f4 Qc7 10. Kh1 Rd8 11. Qe1 Nxd4 12. Bxd4 e5 13. Be3 exf4 14. Bxf4 Be6 15. Rd1 Qc5 16. Qg3 Ne8 17. e5 dxe5 18. Bxe5 Rxd1 19. Rxd1 Rd8 20. Rxd8 Bxd8 21. Bd3 Bc7 22. Bxc7 Qxc7 23. Qf2 b6 24. Ne4 h6 25. h3 Qe5 26. Nc3 Nd6 27. a3 g6 28. Qe2 Qxe2 29. Nxe2 Kg7 30. Kg1 Kf6 31. Kf2 Ke5 32. b3 f5 33. Ke3 g5 34. g3 Ne8 35. c4 Nd6 36. Bc2 Bd7 37. Bd3 Be6 38. Bc2 a5 39. a4 Bd7 40. Bd3 Nb7 41. h4 Nc5 42. hxg5 hxg5 43. Bc2 Bc6 44. Bd1 Be4 45. Ng1 f4+ 46. gxf4+ gxf4+ 47. Kd2 Bg2 48. Kc3 Ne4+ 49. Kb2 Kd4 50. Ka3 Kd3 51. b4 Kxc4 52. bxa5 bxa5 53. Kb2 Nc3 54. Bh5 Nxa4+ 55. Kc2 Nc5 56. Bg4 Kd4 57. Kd2 Ne4+ 58. Kc2 Ke3 59. Ne2 Nc5 60. Nc1 Bf3 61. Bh3 Bd5 62. Bg4 f3 63. Kc3 f2 64. Bh3 Kf3 65. Bf1 Ne6 66. Kb2 Ke3 67. Ka3 Nc5 68. Ne2 Bc4 69. Ng3 Bxf1 70. Nxf1+ Ke2 71. Ng3+ Ke1 0-1

[Event "EU-chT (Women) 20th"]
[Site "Reykjavik"]
[Date "2015.11.20"]
[Round "7.4"]
[White "Fataliyeva, Ulviyya Hasil Qizi"]
[Black "Kursova, Maria"]
[Result "1/2-1/2"]
[WhiteElo "2294"]
[BlackElo "2307"]
[PlyCount "86"]
[EventDate "2015.11.13"]
[EventType "team-swiss"]
[EventRounds "9"]
[EventCountry "ISL"]
[SourceTitle "CBM 169 Extra"]
[Source "ChessBase"]
[SourceDate "2015.12.18"]
[SourceVersion "1"]
[SourceVersionDate "2015.12.18"]
[SourceQuality "1"]
[WhiteTeam "Azerbaijan (W)"]
[BlackTeam "Armenia (W)"]
[WhiteTeamCountry "AZE"]
[BlackTeamCountry "ARM"]

1. e4 c5 2. Nf3 e6 3. d4 cxd4 4. Nxd4 Nc6 5. Nc3 d6 6. Be2 Nf6 7. 0-0 Be7 8. Be3 0-0 9. f4 e5 10. Nf5 Bxf5 11. exf5 exf4 12. Bxf4 d5 13. Bf3 d4 14. Ne2 Qb6 15. Kh1 Rad8 16. Rb1 Rd7 17. a3 Bd8 18. b4 Bc7 19. Bxc6 bxc6 20. Rb3 Re8 21. Rd3 Bxf4 22. Nxf4 c5 23. c3 Red8 24. Nh5 Nxh5 25. Qxh5 Qb5 26. Qf3 dxc3 27. Rxd7 Qxd7 28. bxc5 c2 29. c6 Qd6 30. f6 Qxf6 31. c7 Rc8 32. Qd3 Rxc7 33. Rxf6 c1Q+ 34. Rf1 Qg5 35. Qd6 Qe7 36. Qxe7 Rxe7 37. Kg1 g5 38. Rf5 h6 39. Kf2 Kg7 40. Ra5 Kg6 41. g4 f6 42. Ra6 Kf7 43. Kf3 Kf8 1/2-1/2

[Event "EU-chT (Women) 20th"]
[Site "Reykjavik"]
[Date "2015.11.16"]
[Round "4.9"]
[White "Kursova, Maria"]
[Black "Bhatia, Kanwal K"]
[Result "1/2-1/2"]
[WhiteElo "2307"]
[BlackElo "2072"]
[PlyCount "112"]
[EventDate "2015.11.13"]
[EventType "team-swiss"]
[EventRounds "9"]
[EventCountry "ISL"]
[SourceTitle "CBM 169 Extra"]
[Source "ChessBase"]
[SourceDate "2015.12.18"]
[SourceVersion "1"]
[SourceVersionDate "2015.12.18"]
[SourceQuality "1"]
[WhiteTeam "Armenia (W)"]
[BlackTeam "England (W)"]
[WhiteTeamCountry "ARM"]
[BlackTeamCountry "ENG"]

1. d4 Nf6 2. Nf3 c5 3. d5 b5 4. Bg5 Qb6 5. Bxf6 Qxf6 6. c3 Qb6 7. e4 g6 8. Nbd2 Bg7 9. a4 b4 10. a5 Qd8 11. Qc2 0-0 12. Bc4 d6 13. 0-0 Na6 14. Qd3 bxc3 15. bxc3 Nc7 16. Rfd1 Kh8 17. Nf1 a6 18. Ne3 Nb5 19. Rdc1 Rb8 20. Nd2 e6 21. Ra2 Qf6 22. Nb1 Qe5 23. Re2 f5 24. exf5 exf5 25. Nf1 Qf6 26. f4 Bd7 27. Nfd2 Rfe8 28. Nf3 Rxe2 29. Qxe2 Re8 30. Qd3 Bh6 31. g3 Qd8 32. Nbd2 Qxa5 33. h4 Qa3 34. Rb1 Bg7 35. Rb3 Qa1+ 36. Nb1 Kg8 37. Nfd2 Qa5 38. Kf2 Re7 39. Kf1 Qd8 40. Kf2 Qe8 41. Nf3 Qa8 42. Rb2 Bf6 43. Ra2 Qb7 44. Rb2 Qc8 45. Ng5 Nc7 46. Na3 Nb5 47. Nxb5 axb5 48. Bxb5 Bxb5 49. Rxb5 Qa8 50. Ne6 Qa2+ 51. Kf3 Qa8 52. Ke2 Qa2+ 53. Kd1 Qa4+ 54. Ke2 Qa2+ 55. Kd1 Qa4+ 56. Ke2 Qa2+ 1/2-1/2

[Event "EU-chT (Women) 20th"]
[Site "Reykjavik"]
[Date "2015.11.13"]
[Round "1.3"]
[White "Kursova, Maria"]
[Black "Berzina, Ilze"]
[Result "1/2-1/2"]
[WhiteElo "2307"]
[BlackElo "2207"]
[PlyCount "166"]
[EventDate "2015.11.13"]
[EventType "team-swiss"]
[EventRounds "9"]
[EventCountry "ISL"]
[SourceTitle "CBM 169 Extra"]
[Source "ChessBase"]
[SourceDate "2015.12.18"]
[SourceVersion "1"]
[SourceVersionDate "2015.12.18"]
[SourceQuality "1"]
[WhiteTeam "Armenia (W)"]
[BlackTeam "Latvia (W)"]
[WhiteTeamCountry "ARM"]
[BlackTeamCountry "LAT"]

1. d4 d5 2. Nf3 Nf6 3. c4 c6 4. e3 Bf5 5. Nc3 e6 6. Nh4 Be4 7. f3 Bg6 8. Qb3 Qc7 9. Bd2 Be7 10. g3 Bh5 11. Be2 Nbd7 12. Rc1 Qb6 13. 0-0 Qxb3 14. axb3 g5 15. Ng2 Bg6 16. e4 dxe4 17. Bxg5 exf3 18. Bxf3 h6 19. Be3 Kf8 20. d5 cxd5 21. cxd5 Kg7 22. dxe6 fxe6 23. Nf4 Bf7 24. Nd3 e5 25. b4 Bg6 26. Nc5 Nxc5 27. bxc5 e4 28. Be2 Rhd8 29. Nb5 Rd7 30. Bd4 Rf8 31. b4 Kh7 32. Rcd1 a6 33. Nd6 Nd5 34. Rxf8 Bxf8 35. Bg4 Rc7 36. b5 axb5 37. Be6 Nb4 38. Nxb5 Re7 39. Bb3 e3 40. Re1 e2 41. Nc3 Rd7 42. Nxe2 Rxd4 43. Nxd4 Bxc5 44. Kf1 Bxd4 45. Re7+ Bg7 46. Rxb7 Nc2 47. Bxc2 Bxc2 48. h4 Bd1 49. Kg1 Kg6 50. Kh2 h5 51. Rb5 Bf6 52. Ra5 Kf7 53. Ra6 Be5 54. Rb6 Bg4 55. Ra6 Ke7 56. Rb6 Bd6 57. Ra6 Ke6 58. Ra5 Be5 59. Rb5 Bd4 60. Ra5 Kd6 61. Rb5 Bc5 62. Ra5 Kd5 63. Rb5 Kd4 64. Ra5 Bd6 65. Ra6 Be5 66. Ra3 Ke4 67. Kg2 Bd4 68. Rb3 Be6 69. Ra3 Bd5 70. Ra5 Bf7 71. Ra3 Bc4 72. Ra5 Be2 73. Ra3 Bd1 74. Ra5 Bf3+ 75. Kh2 Ke3 76. Ra4 Bc5 77. Ra5 Bb4 78. Ra4 Be1 79. Ra2 Bd5 80. Ra1 Kf2 81. Rxe1 Kxe1 82. g4 hxg4 83. Kg3 Be6 1/2-1/2

[Event "EU-ch (Women) 16th"]
[Site "Chakvi"]
[Date "2015.05.28"]
[Round "9"]
[White "Gaboyan, Susanna"]
[Black "Kursova, Maria"]
[Result "1/2-1/2"]
[WhiteElo "2153"]
[BlackElo "2267"]
[PlyCount "88"]
[EventDate "2015.05.19"]
[EventType "swiss"]
[EventRounds "11"]
[EventCountry "GEO"]
[SourceTitle "CBM 166 Extra"]
[Source "ChessBase"]
[SourceDate "2015.06.18"]
[SourceVersion "1"]
[SourceVersionDate "2015.06.18"]
[SourceQuality "1"]

1. e4 c5 2. f4 Nc6 3. Nf3 e6 4. Nc3 a6 5. g3 d5 6. exd5 exd5 7. d3 Nf6 8. Bg2 Be7 9. 0-0 d4 10. Ne4 Nd5 11. Ne5 Nxe5 12. fxe5 0-0 13. Qh5 Be6 14. Ng5 Bxg5 15. Bxg5 Qc7 16. Rae1 Ne7 17. Qh4 Rfe8 18. Qf4 Ng6 19. Qe4 h6 20. Bf4 Re7 21. h4 Rd8 22. h5 Nf8 23. Qe2 Qd7 24. Bf3 Bd5 25. b3 Rde8 26. Bxd5 Qxd5 27. Qg4 Re6 28. Re4 Nd7 29. a4 R8e7 30. Qf5 Nxe5 31. g4 g6 32. hxg6 fxg6 33. Rxe5 Qxe5 34. Qxe5 Rxe5 35. Bxe5 Rxe5 36. Rf6 Kg7 37. Rb6 Re7 38. Kf2 Rf7+ 39. Kg3 Kh7 40. Kg2 Rg7 41. Kg3 Re7 42. Kf4 Kg7 43. b4 cxb4 44. Rxb4 Rc7 1/2-1/2